LDS (Mormon) Temples - Statistics

General Stats
  • This quiz has been taken 786 times
    13 since last reset
  • The average score is 162 of 383
Answer Stats
Date Dedicated Country Answer % Correct
29 October 1980 Japan Tokyo
83%
9 February 1972 (Under Renovation) Utah (USA) Provo
75%
20 March 2016 Utah (USA) Provo City Center
75%
April 6 1893 (Under Renovation) Utah (USA) Salt Lake
75%
25 May 1984 Idaho (USA) Boise
67%
28 October 2012 Alberta (Canada) Calgary
67%
9 August 1985 Illinois (USA) Chicago
67%
11 December 1999 Alberta (Canada) Edmonton
67%
14 November 1999 Nova Scotia (Canada) Halifax
67%
16 December 1989 Nevada (USA) Las Vegas
67%
10 January 1986 Peru Lima
67%
14 January 2024 Peru Lima Los Olivos
67%
11 March 1956 California (USA) Los Angeles
67%
25 September 1984 Philipines Manila
67%
2 December 1893 Mexico Mexico City
67%
4 June 2000 Quebec (Canada) Montreal
67%
17 November 1964 California (USA) Oakland
67%
18 January 1972 Utah (USA) Ogden
67%
14 November 1999 Saskatchewan (Canada) Regina
67%
14 December 1985 South Korea Seoul
67%
25 August 1990 Ontario (Canada) Toronto
67%
Under Construction Washington (USA) Vancouver
67%
2 May 2010 British Columbia (Canada) Vancouver
67%
31 October 2021 Manitoba (Canada) Winnipeg
67%
18 January 2026 Philippines Alabang
58%
5 March 2000 New Mexico (USA) Albuquerque
58%
11 September 1955 Switzerland Bern
58%
24 April 1999 Colombia Bogotá
58%
8 January 1995 Utah (USA) Bountiful
58%
17 September 2023 Brazil Brasília
58%
17 January 1986 Argentina Buenos Aires
58%
Announced Argentina Buenos Aires City Center
58%
26 August 1923 Alberta (Canada) Cardston
58%
24 October 1986 Colorado (USA) Denver
58%
4 May 2014 Florida (USA) Fort Lauderdale
58%
14 December 1984 Guatemala Guatemala City
58%
20 October 2006 Finland Helsinki
58%
27 May 1996 China Hong Kong
58%
24 August 1985 South Africa Johannesburg
58%
7 September 1958 England (UK) London
58%
19 March 1999 Spain Madrid
58%
13 June 2004 (Under Renovation) New York (USA) Manhattan
58%
19 November 2017 Idaho (USA) Meridian
58%
26 October 1927 Arizona (USA) Mesa
58%
Under Construction Guatemala Miraflores Guatemala City
58%
April 30 1846 (No Longer in Service) Illinois (USA) Nauvoo (1846)
58%
27 June 2002 Illinois (USA) Nauvoo (2002)
58%
9 October 1994 (Under Renovation) Florida (USA) Orlando
58%
Announced Japan Osaka
58%
10 August 2008 Panama Panama City
58%
21 May 2017 France Paris
58%
18 September 2016 Pennsylvania (USA) Philadelphia
58%
19 August 1989 Oregon (USA) Portland
58%
7 June 1998 England (UK) Preston
58%
20 November 2022 Ecuador Quito
58%
10 March 2019 Italy Rome
58%
22 May 2005 Texas (USA) San Antonio
58%
25 April 1993 (Under Renovation) California (USA) San Diego
58%
Announced California (USA) San Jose
58%
4 June 2000 Costa Rica San José
58%
Announced Philippines San Jose del Monte
58%
21 August 2011 El Salvador San Salvador
58%
Announced Dominican Republic Santiago
58%
Announced Philippines Santiago
58%
15 September 1983 Chile Santiago
58%
Under Construction Chile Santiago West
58%
30 October 1978 Brazil São Paulo
58%
Announced Brazil São Paulo East
58%
April 6 1877 Utah (USA) St. George
58%
2 July 1985 (Under Renovation) Sweden Stockholm
58%
20 September 1984 Australia Sydney
58%
17 November 1984 Taiwan Taipei
58%
Announced British Columbia (Canada) Victoria
58%
22 November 1974 United States Washington D.C.
58%
9 January 1999 Alaska (USA) Anchorage
50%
1 June 1983 Georgia (USA) Atlanta
50%
Announced California (USA) Bakersfield
50%
22 October 2023 Thailand Bangkok
50%
16 July 2000 Louisiana (USA) Baton Rouge
50%
20 November 1999 Montana (USA) Billings
50%
Under Construction United Kingdom Birmingham
50%
3 September 2000 Alabama (USA) Birmingham
50%
19 September 1999 North Dakota (USA) Bismarck
50%
1 October 2000 Massachusetts (USA) Boston
50%
15 June 2003 Australia Brisbane
50%
Announced Australia Brisbane South
50%
20 August 2000 Venezuela Caracas
50%
10 December 2017 Utah (USA) Cedar City
50%
Announced Idaho (USA) Coeur d'Alene
50%
Announced Colorado (USA) Colorado Springs
50%
16 October 1999 South Carolina (USA) Columbia
50%
18 November 2001 Washington (USA) Columbia River
50%
4 September 1999 Ohio (USA) Columbus
50%
23 May 2004 Denmark Copenhagen
50%
19 October 1984 Texas (USA) Dallas
50%
23 October 1999 Michigan (USA Detroit
50%
20 March 2009 Utah (USA) Draper
50%
Announced Texas (USA) El Paso
50%
Announced Arizona (USA) Flagstaff
50%
16 October 2016 Colorado (USA) Fort Collins
50%
Under Construction Texas (USA) Fort Worth
50%
28 August 1987 Germany Frankfurt
50%
9 April 2000 California (USA) Fresno
50%
2 March 2014 Arizona (USA) Gilbert
50%
22 April 1958 New Zealand Hamilton
50%
20 November 2016 Connecticut (USA) Hartford
50%
18 June 2023 Montana (USA) Helena
50%
Announced Hawaii (USA) Honolulu
50%
26 August 2000 Texas (USA) Houston
50%
Announced Texas (USA) Houston South
50%
23 September 1945 Idaho (USA) Idaho Falls
50%
16 November 1981 Utah (USA) Jordan River
50%
6 May 2012 Missouri (USA) Kansas City
50%
March 27 1836 (No Longer in Service) Ohio (USA) Kirtland
50%
23 January 2000 (Under Renovation) Hawaii (USA) Kona
50%
29 August 2010 Ukraine Kyiv
50%
27 November 1919 Hawaii (USA) Laie
50%
Announced Bolivia La Paz
50%
16 June 2024 Utah (USA) Layton
50%
Announced Utah (USA) Lehi
50%
15 September 2019 Portugal Lisbon
50%
17 May 1884 Utah (USA) Logan
50%
19 March 2000 Kentucky (USA) Louisville
50%
21 May 1888 Utah (USA) Manti
50%
16 June 2000 Australia Melbourne
50%
23 April 2000 Tennessee (USA) Memphis
50%
Announced Montana (USA) Missoula
50%
18 March 2001 Uruguay Montevideo
50%
13 October 1996 Utah (USA) Mount Timpanogos
50%
21 May 2000 Tennessee (USA) Nashville
50%
30 July 2000 Oklahoma (USA) Oklahoma City
50%
21 August 2009 Utah (USA) Oquirrh Mountain
50%
21 January 2024 Utah (USA) Orem
50%
6 April 2000 New York (USA) Palmyra
50%
20 May 2001 Australia Perth
50%
16 November 2014 Arizona (USA) Phoenix
50%
15 September 2024 Pennsylvania (USA) Pittsburgh
50%
1 September 2019 Haiti Port-Au-Prince
50%
18 December 1999 North Carolina (USA) Raleigh
50%
23 April 2000 Nevada (USA) Reno
50%
10 February 2008 Idaho (USA) Rexburg
50%
7 May 2023 Virginia (USA) Richmond
50%
Announced Russia Russia
50%
3 September 2006 California (USA) Sacramento
50%
17 September 2000 Dominican Republic Santo Domingo
50%
17 November 1980 Washington (USA) Seattle
50%
Announced Utah (USA) Spanish Fork
50%
21 August 1999 Washington (USA) Spokane
50%
1 June 1997 Missouri (USA) St. Louis
50%
9 January 2000 Minnesota (USA) St. Paul
50%
Announced Washington (USA) Tacoma
50%
Under Construction Florida (USA) Tampa
50%
Under Construction Idaho (USA) Teton River
50%
8 September 2002 Netherlands The Hague
50%
13 December 2015 Mexico Tijuana
50%
21 June 2015 Peru Trujillo
50%
24 August 2008 Idaho (USA) Twin Falls
50%
2 November 1997 Utah (USA) Vernal
50%
Announced Austria Vienna
50%
7 August 2005 Nigeria Aba
42%
11 January 2004 Ghana Accra
42%
15 June 2000 Australia Adelaide
42%
5 August 1983 Samoa Apia
42%
Under Construction Texas (USA) Austin
42%
Announced Spain Barcelona
42%
20 November 2022 Brazil Belém
42%
17 September 2023 Arkansas (USA) Bentonville
42%
23 September 2012 Utah (USA) Brigham City
42%
Under Construction Belgium Brussels
42%
11 January 2026 Idaho (USA) Burley
42%
Announced South Korea Busan
42%
Under Construction Columbia Cali
42%
Announced Mexico Cancún
42%
Announced Mexico Chihuahua
42%
Announced Ohio (USA) Cincinnati
42%
Under Construction Ohio (USA) Cleveland
42%
Under Construction Wyoming (USA) Cody
42%
28 October 2018 Chile Concepción
42%
1 June 2008 Brazil Curitiba
42%
Announced Ireland Dublin
42%
12 October 2025 Nevada (USA) Elko
42%
Under Construction Alaska (USA) Fairbanks
42%
17 August 2025 New Mexico (USA) Farmington
42%
2 June 2019 Brazil Fortaleza
42%
29 June 1985 Germany Freiberg
42%
11 June 2000 Japan Fukuoka
42%
19 October 2025 Colorado (USA) Grand Junction
42%
Under Construction Michigan (USA) Grand Rapids
42%
1 August 1999 Ecuador Guayaquil
42%
23 August 2015 Indiana (USA) Indianapolis
42%
Under Construction Florida (USA) Jacksonville
42%
14 April 2019 Democratic Republic of the Congo Kinshasa
42%
Under Construction Nigeria Lagos
42%
Under Construction Alberta (Canada) Lethbridge
42%
21 April 2002 Texas (USA) Lubbock
42%
Under Construction Nicaragua Managua
42%
10 June 2012 Brazil Manaus
42%
8 October 2023 Texas (USA) McAllen
42%
8 July 2000 Mexico Mérida
42%
Under Construction California (USA) Modesto
42%
28 April 2002 Mexico Monterrey
42%
26 July 1998 Utah (USA) Monticello
42%
17 September 2023 Washington (USA) Moses Lake
42%
Under Construction Brazil Natal
42%
28 August 2005 California (USA) Newport Beach
42%
11 March 2000 Mexico Oaxaca
42%
12 November 2023 Japan Okinawa
42%
Announced Norway Oslo
42%
27 October 1983 Tahiti (French Polynesia) Papeete
42%
7 November 2021 Idaho (USA) Pocatello
42%
Announced Portugal Porto
42%
19 June 2022 Cape Verde Praia
42%
19 May 2024 Mexico Puebla
42%
11 December 2011 Guatemala Quetzaltenango
42%
15 December 2000 Brazil Recife
42%
14 September 2003 California (USA) Redlands
42%
8 May 2022 Brazil Rio de Jeneiro
42%
20 October 2024 Brazil Salvador
42%
15 January 2023 Puerto Rico San Juan
42%
13 October 2024 Honduras San Pedro Sula
42%
21 August 2016 Japan Saporro
42%
Announced China Shanghai
42%
Under Construction Itself Singapore
42%
Under Construction Utah (USA) Smithfield
42%
3 March 2002 Arizona (USA) Snowflake
42%
30 October 2016 Wyoming (USA) Star Valley
42%
18 June 2000 Fiji Suva
42%
8 December 2024 Florida (USA) Tallahassee
42%
2 June 2024 Utah (USA) Taylorsville
42%
17 March 2013 Honduras Tegucigalpa
42%
Announced Oklahoma (USA) Tulsa
42%
13 August 2017 Arizona (USA) Tuscon
42%
9 July 2000 Mexico Veracruz
42%
Under Construction Kansas (USA) Wichita
42%
Under Construction Oregon (USA) Willamette Valley
42%
22 April 2001 Nebraska (USA) Winter Quarters
42%
25 May 2025 Ivory Coast Abidjan
33%
Under Construction Madagascar Antananarivo
33%
5 December 2019 Peru Arequipa
33%
13 April 2025 New Zealand Auckland
33%
23 November 2025 Argentina Bahía Blanca
33%
9 December 2018 Colombia Barranquilla
33%
Announced Mozambique Beira
33%
Under Construction Brazil Belo Horizonte
33%
Under Construction India Bengaluru
33%
Under Construction Nigeria Benin City
33%
Under Construction Republic of the Congo Brazzaville
33%
Under Construction Hungary Budapest
33%
Announced Idaho (USA) Caldwell
33%
Under Construction South Africa Cape Town
33%
24 November 2024 Wyoming (USA) Casper
33%
13 June 2010 Philippines Cebu City
33%
Announced North Carolina (USA) Charlotte
33%
26 February 2000 Mexico Ciudad Juárez
33%
30 April 2000 Bolivia Cochabamba
33%
17 May 2015 Argentina Córdoba
33%
Announced Mexico Cuernavaca
33%
Announced Peru Cuzco
33%
Under Construction Philippines Davao
33%
Announced Iowa (USA) Des Moines
33%
Announced United Arab Emirates Dubai
33%
16 February 2020 South Africa Durban
33%
Announced Scotland Edinburgh
33%
Under Construction Utah (USA) Ephraim
33%
8 October 2023 California (USA) Feather River
33%
Announced Brazil Florianópolis
33%
Under Construction Sierra Leone Freetown
33%
Announced Brazil Goiânia
33%
29 April 2001 Mexico Guadalajara
33%
Announced Germany Hamburg
33%
1 March 2026 Zimbabwe Harare
33%
Announced Pennsylvania (USA) Harrisburg
33%
Under Construction Utah (USA) Heber Valley
33%
27 February 2000 Sonora (Mexico) Hermosillo
33%
Announced Indonesia Jakarta
33%
Under Construction Taiwan Kaohsiung
33%
Under Construction Ghana Kumasi
33%
Under Construction Utah (USA) Lindon
33%
Under Construction Nevada (USA) Lone Mountain
33%
Announced Angola Luanda
33%
Under Construction Democratic Republic of the Congo Lubumbashi
33%
Announced Venezuela Maracaibo
33%
Announced Democratic Republic of the Congo Mbuji-Mayi
33%
16 April 2000 Oregon (USA) Medford
33%
22 September 2024 Argentina Mendoza
33%
Announced Mexico Mexico City Benemérito
33%
Announced Italy Milan
33%
Announced Wisconsin (USA) Milwaukee
33%
Announced Liberia Monrovia
33%
Under Construction Idaho (USA) Montpelier
33%
Announced Philippines Naga
33%
18 May 2025 Kenya Nairobi
33%
Under Construction Tonga Neiafu
33%
Announced Virginia (USA) Norfolk
33%
9 August 1983 Tonga Nuku'alofa
33%
Under Construction American Samoa Pago Pago
33%
7 June 2015 Utah (USA) Payson
33%
Under Construction Cambodia Phnom Penh
33%
Under Construction Papua New Guinea Port Moresby
33%
17 December 2000 Brazil Porto Alegre
33%
Under Construction Vanuatu Port Vila
33%
Announced Mexico Reynosa
33%
Announced Virginia (USA) Roanoke
33%
Under Construction Bolivia Santa Cruz
33%
Announced Brazil Santos
33%
Announced Missouri (USA) Springfield
33%
Under Construction Kiribati Tarawa
33%
Announced Mexico Toluca
33%
Under Construction Mexico Torreón
33%
Announced Mongolia Ulaanbaatar
33%
21 May 2000 Mexico Villahermosa
33%
Announced Brazil Vitória
33%
Under Construction New Zealand Wellington
33%
Announced Arizona (USA) Yuma
33%
Announced Nigeria Abuja
25%
19 May 2002 Paraguay Ascunción
25%
Under Construction Philippines Bacolod
25%
17 May 2002 Brazil Campinas
25%
Announced Ghana Cape Coast
25%
Announced Peru Chiclayo
25%
6 March 1999 Chihuahua (Mexico) Colonia Juárez
25%
Announced Mexico Culiacán
25%
10 November 2024 Utah (USA) Deseret Peak
25%
Announced Nigeria Eket
25%
Under Construction Texas (USA) Fairview
25%
Announced South Carolina (USA) Greenville
25%
Announced Peru Huancayo
25%
Under Construction Guatemala Huehuetenango
25%
Announced Alabama (USA) Huntsville
25%
Announced Philippines Iloilo
25%
Announced Peru Iquitos
25%
Under Construction Brazil João Pessoa
25%
Announced Hawaii (USA) Kahului
25%
Announced Uganda Kampala
25%
Announced Democratic Republic of the Congo Kananga
25%
Under Construction Tennessee (USA) Knoxville
25%
Announced Philippines Laoag
25%
Announced Australia Liverpool
25%
Under Construction Brazil Londrina
25%
Announced Brazil Maceió
25%
Announced Mozambique Maputo
25%
Announced New Caledonia Nouméa
25%
Announced Mexico Pachuca
25%
Announced Peru Piura
25%
Announced Utah (USA) Price
25%
Announced Chile Puerto Montt
25%
Under Construction Mexico Querétaro
25%
Announced South Dakota (USA) Rapid City
25%
24 March 2024 Utah (USA) Red Cliffs
25%
Announced Guatemala Retalhuleu
25%
Announced Argentina Rosario
25%
16 June 2024 Argentina Salta
25%
Under Construction Mexico San Luis Potosí
25%
Announced El Salvador Santa Ana
25%
Announced Samoa Savai'i
25%
Announced New Jersey (USA) Summit
25%
8 June 2025 Utah (USA) Syracuse
25%
Under Construction Brazil Teresina
25%
Announced Mexico Tula
25%
12 March 2000 Mexico Tuxtla Gutiérrez
25%
28 April 2024 Philippines Urdaneta
25%
Announced Chile Viña del Mar
25%
Announced Utah (USA) West Jordan
25%
Under Construction Virginia (USA) Winchester
25%
22 May 2022 Guam Yigo
25%
Under Construction California (USA) Yorba Linda
25%
15 June 2025 Chile Antofagasta
17%
Under Construction Philippines Cagayan de Oro
17%
Announced Nigeria Calabar
17%
Announced Brazil Campo Grande
17%
Announced Peru Chorrillos
17%
9 June 2024 Guatemala Cobán
17%
Announced Mexico Juchitán de Zaragoza
17%
Announced Arizona (USA) Queen Creek
17%
Under Construction Brazil Riberão Prêto
17%
Announced Uruguay Rivera
17%
13 August 2023 Utah (USA) Saratoga Springs
17%
Under Construction Philippines Tacloban
17%
20 May 2000 Mexico Tampico
17%
23 May 2010 Arizona (USA) The Gila Valley
17%
Announced Philippines Tuguegarao City
17%
Announced French Polynesia Uturoa
17%
Announced Nigeria Uyo
17%
No matching quizzes found
Score Distribution
Percent of People with Each Score
Percentile by Number Answered
Your Score History
You have not taken this quiz since the last reset